Edmund Husserl's theory of meaning

Guardat en:
Dades bibliogràfiques
Autor principal: Mohanty, Jitendra Nath (autor)
Format: Llibre
Idioma:anglès
Publicat: La Haya Martinus Nijhoff 1976
Edició:3a. ed
Col·lecció:Phaenomenologica, 14
Matèries:
Etiquetes: Afegir etiqueta
Sense etiquetes, Sigues el primer a etiquetar aquest registre!

MARC

LEADER 00000nam a2200000 a 4500
001 UCZ3072
003 CL-VaPUC
008 951013e19760000NE |||||||||||||||||eng|d
082 0 4 |a 142.7  |b MOH  |2 21 
100 |a Mohanty, Jitendra Nath  |e autor  |9 348723 
245 1 0 |a Edmund Husserl's theory of meaning 
250 |a 3a. ed 
300 |a 150 p 
942 |c BK 
945 |d 19951013 00:00:00  |a lriquelm 
260 |a La Haya  |b Martinus Nijhoff  |c 1976 
650 0 |a Fenomenología  |9 256519 
650 0 |a Teoría del conocimiento   |9 255038 
650 0 |a Empirismo  |9 255037 
650 0 |a Filosofía alemana   |9 265002 
650 0 |a Filosofía de las ciencias  |9 256466 
583 |a last modification  |c 19951013 00:00:00  |k Rodrigo Vera 
490 0 |a Phaenomenologica, 14 
999 |c 239601  |d 239599 
952 |0 0  |1 0  |4 0  |6 142_700000000000000_MOH_1976  |7 0  |8 P  |9 250867  |a BIBEDU  |b BIBEDU  |c BIBEDU_PB  |d 2019-11-18  |i 1583743  |o 142.7 MOH 1976  |p 1583743  |r 2024-01-25  |w 2019-11-18  |y BK  |k FIL